00594nam a2200205Ia 4500003000400000005001700004008004100021020001900062040000700081041000800088082001300096100002000109245002500129260003800154300000900192650002700201942001300228999001900241952012800260OSt20250909110337.0250729s2005 xx 000 0 und d a978-8176487054 cAL aeng a370 RAOH aRao V K9222444 aHistory of education aNew DelhibA P H Publishingc2005 a270p aSocial Studies9222445 2ddccBED c235465d235465 00104070aALbALd2025-07-29eSita Book Houseg150.00l0o370 RAOHpBED00784r2025-07-29 16:54:01v150.00w2025-07-29yBK